00578 am a2200193 a 450000500170000000800410001702000080005804100080006610000220007424500740009625000110017026000950018130000110027665300220028765300160030965300170032570000210034270000210036320220824122920.0100915s1997||||ag d f |||| 001 0 spa d aS/N aspa1 aTauber, Fernando.03aLa mortalidad infantil en el partido de La Plata / cFernando Tauber a1a ed. aLa Plata [Buenos Aires ; Argentina]: bFundación de la Facultad de Ingeniería, c1997. a172 p. aCiencias Sociales aMortalidad  aEstadisticas1 aBognanni, Lidia.1 aDelucchi, Diego.